[Event "Frankfurt-West Masters"]
[Site "Frankfurt"]
[Date "1999.06.30"]
[Round "5"]
[White "Polgar, Judit"]
[Black "Lutz, Christopher"]
[Result "0-1"]
[WhiteElo "2677"]
[BlackElo "2610"]
[Annotator "Ftacnik,L"]
[PlyCount "150"]
[EventDate "1999.06.29"]
[EventType "tourn (rapid)"]
[EventRounds "14"]
[EventCountry "GER"]
[EventCategory "16"]
[Source "ChessBase"]
[SourceDate "1999.10.01"]

1. e4 c5 2. Nf3 d6 3. d4 cxd4 4. Nxd4 Nf6 5. Nc3 a6 6. Bc4 e6 7. Bb3 Nc6 8. O-O
Be7 9. Be3 O-O 10. f4 Nxd4 11. Bxd4 b5 12. e5 dxe5 13. fxe5 Nd7 14. Ne4 Bb7 15.
Nd6 Bxd6 16. exd6 Qg5 17. Rf2 a5 18. a4 b4 19. Qf1 {An unusual move that keeps
firm control of the f file, but leaves the d6 pawn unprotected.} (19. Qd2 Qg6 (
19... Qxd2 20. Rxd2 Rac8 21. Re1 Ba6 (21... Rfd8 22. Re3 Nc5 23. Bxc5 Rxc5 24.
c3 Kf8 25. cxb4 axb4 26. Rd4 Bd5 {1/2-1/2 McTavish,D-Littke,A/CAN 1992/ (37)})
22. c3 Bc4 23. Bxc4 (23. Bd1 b3 24. Bf3 f6 25. Ba7 Kf7 26. Bb7 e5 27. Bd5+ Bxd5
28. Rxd5 {1/2-1/2 Bosch,J-Reeh,O/Amstelveen 1994/ (67)}) 23... Rxc4 24. cxb4
Rxb4 25. Rc1 Rxa4 26. Rc7 Rd8 27. Ra7 (27. b3 Rb4 28. Bc3 Rxb3 29. Bxa5 Ra3 30.
Ra7 h6 31. Rc2 Nf6 32. Bxd8 Rxa7 {0-1 Mueller,K-Loginov,V/Budapest 1991/ (56)})
27... h6 28. Rd1 Nf6 29. Bc5 Rd7 30. Ra8+ Kh7 31. b4 Ne4 32. Re1 f5 33. Rxe4
Ra1+ 34. Kf2 fxe4 35. Rxa5 {1/2-1/2 Oll,L-Loginov,V/Sverdlovsk 1987/TD (42)})
20. Re1 Ra6 21. Qf4 Bd5 22. Re3 (22. c4 bxc3 23. Bc2 f5 24. Bxc3 Nf6 25. Re3 {
1-0 Nielsen,U-Bjerke,R/Gausdal/1990/ (45)}) 22... Bxb3 23. Rg3 Bxa4 24. Rxg6
hxg6 25. b3 Bc6 26. Bb2 Bd5 {0-1 Schutz,I-Schneider,L/Uppsala 1985/ (55)}) (19.
Qd3 Bc6 20. Qe2 Bd5 21. Qb5 Rfb8 22. Qf1 Bxb3 23. cxb3 Qg6 24. Rc1 e5 25. Be3
Qe6 26. Rc7 Nf6 27. Qc4 Rd8 {0-1 Kindermann,S-Reeh,O/Bad Woerishofen 1990/ (39)
}) (19. Qe1 Bd5 20. Bxd5 Qxd5 21. Rd1 e5 22. Be3 Qc6 23. b3 f5 24. Qf1 f4 25.
Bc1 Rf6 26. Qb5 Qxb5 27. axb5 Kf7 28. Bb2 Ke6 {0-1 Osterman,G-Yrjola,J/
Helsinki 1990/ (51)}) (19. Qe2 Ra6 20. Qb5 (20. Bxe6 Rxd6 21. Be3 Qe5 22. Bc4
Nf6 23. Bf4 Qxe2 24. Bxe2 {1-0 Oral,T-Pachmann,A/Prague 1997/ (56)}) 20... Qxb5
21. axb5 Rxd6 22. Be3 Ra8 23. Bf4 Rd4 24. Be3 Rd6 25. Bf4 Rd4 26. Be3 {1/2-1/2
Winants,L-Tukmakov,V/Wijk aan Zee/1993/ (26)}) 19... Ra6 $1 20. Re1 (20. Rd1
Rxd6 21. Bxg7 Rxd1 22. Qxd1 Kxg7 23. Qxd7 Qc1+ 24. Rf1 Qe3+ 25. Kh1 Qe4 $11)
20... Rxd6 21. Be3 Qh5 22. Bc4 Bd5 (22... f5 $2 23. Bf4 $16) 23. Be2 Qg6 24.
Bd3 f5 (24... Qh5 25. Be2 $11) 25. Bf4 Rb6 26. Bb5 (26. Bc7 $5 Rb7 27. Bxa5 Ra8
28. Ba6 Rba7 29. Bb5 Rxa5 30. Bxd7 Rd8 31. Bb5 Qf6 $13) 26... Rb7 27. c4 (27.
Ba6 Ra7 28. Bd6 Rd8 29. Bd3 Nf6 $17) 27... bxc3 28. bxc3 Nf6 29. c4 Be4 30. Bd6
(30. c5 $5 Nd5 $2 (30... Ng4 31. Rd2 Rbf7 32. Rd6 $13) 31. Bd6 Rd8 32. Rxe4 $18
) 30... Rd8 31. c5 {White c pawn can become very dangerous, black hopes to get
chances for a kingside attack.} Rf7 32. Rc1 Nd5 33. Qe1 f4 $6 (33... Nb4 $1 34.
Rd2 Nc6 $15) 34. Qxa5 Qg5 35. Qd2 $2 (35. Bc4 $1 Re8 36. Qd2 Ne3 37. Bxf4 Nxc4
38. Rxc4 (38. Bxg5 Nxd2 39. Bxd2 $16) 38... Qd5 39. Rd4 Qc6 40. Be5 $16) 35...
Ne3 $1 36. Re1 (36. Bc4 Qg6 37. a5 Nxc4 38. Rxc4 f3 $15) 36... e5 37. Qb2 Rf5
38. a5 Qh4 $1 39. Qd2 (39. Bxe5 Rg5 40. Bf1 (40. Rxe3 fxe3 41. Bc4+ Kh8 $19)
40... Bxg2 41. Bxf4 Bxf1+ 42. Bxg5 Qxg5+ 43. Kh1 Bc4 $19) 39... Rh5 {Lutz has
achieved a dream position, white king is in grave danger.} 40. Rxe3 (40. h3 Qg3
41. Bd7 Bxg2 $1 (41... Rxd7 42. Rxe3 $18) 42. Be6+ Kh8 43. Rxg2 Nxg2 44. Qxg2
Qxe1+ $19) 40... fxe3 41. Qxe3 Qxh2+ 42. Kf1 Bd5 43. Qd3 (43. Bd3 Qh1+ 44. Ke2
Qa1 45. a6 e4 46. Bxe4 Qxa6+ $19) 43... Qh1+ 44. Ke2 e4 45. Qc3 e3 (45... Qb1
46. Ba4 Rh1 $19) 46. Qxe3 (46. Kxe3 Bxg2 47. Bd7 Bd5 $19) 46... Rh6 (46... Qb1
47. Qd3 Qa2+ 48. Ke3 Qxa5 $19) 47. Be8 (47. Bc7 Re6 48. Qxe6+ Bxe6 49. Bxd8
Qh5+ 50. Ke1 Qxc5 $19) 47... Bc4+ 48. Kd2 (48. Kf3 Rdxd6 49. cxd6 Rh3+ $1 $19)
48... Rhxd6+ $1 {Returning extra material for a good cause, black wins white
queen and gets technically winning position.} 49. cxd6 Rxd6+ 50. Kc3 (50. Kc2
Qd1+ 51. Kb2 Rd3 $19) 50... Rd3+ 51. Qxd3 Bxd3 52. Bf7+ (52. Kxd3 Qb1+ 53. Rc2
Qb3+ 54. Kd2 Qd5+ 55. Kc1 Qxa5 $19) 52... Kh8 53. Kxd3 Qb1+ 54. Rc2 (54. Kd2
Qb4+ 55. Kd3 Qxa5 $19) 54... Qb5+ 55. Ke3 h6 56. Ra2 (56. Kd4 Qb4+ (56... Qxa5
$2 57. Rc8+ Kh7 58. Bg8+ Kh8 (58... Kg6 $2 59. Rc6+ Kg5 60. Rc5+ $18) 59. Bd5+
Kh7 60. Bg8+ $11) 57. Rc4 Qd2+ 58. Ke4 Qxa5 $19) 56... Qe5+ 57. Kd3 (57. Kd2
Qf4+) 57... Qf5+ 58. Kc3 Qxf7 $19 59. Ra4 Qf6+ 60. Kb4 Qd4+ 61. Kb5 Qd7+ 62.
Kb4 Qb7+ 63. Kc5 Qa6 64. Kb4 Kh7 65. Ra2 h5 $1 66. Rc2 g6 67. Rc5 Kh6 68. Rb5
h4 69. Rb6 Qe2 70. a6 Qxg2 71. a7 Qa8 72. Ra6 h3 73. Ra2 Kg7 74. Kb5 h2 75. Kb6
h1=Q 0-1

[Event "FIDE-Wch k.o."]
[Site "Las Vegas"]
[Date "1999.08.07"]
[Round "3.2"]
[White "Polgar, Judit"]
[Black "Magem Badals, Jordi"]
[Result "1-0"]
[WhiteElo "2671"]
[BlackElo "2528"]
[Annotator "Mueller,Karsten"]
[PlyCount "79"]
[EventDate "1999.07.31"]
[EventType "k.o."]
[EventRounds "7"]
[EventCountry "USA"]
[Source "ChessBase"]
[SourceDate "1999.10.01"]

{Judit Polgar führt die Partie in gewohnt taktischem Stil, daher die Medaille.
} 1. e4 c6 2. d4 d5 3. exd5 cxd5 4. c4 Nf6 5. Nc3 e6 6. Nf3 Bb4 7. cxd5 Nxd5 8.
Bd2 O-O 9. Bd3 Nc6 10. O-O Be7 11. Qe2 Ndb4 12. Be4 (12. Be3 $6 Nxd3 13. Qxd3
Nb4 14. Qd2 b6 $15 {0-1 Hutcheson,J-Magem Badals,J/Moscow 1994/CBM 44 ext (39)}
) 12... Bf6 (12... Nxd4 13. Nxd4 Qxd4 14. Be3 $44 {1/2-1/2 Yudasin,L-Iuldachev,
S/Erevan 1996/EXT 97 (82)}) 13. Rad1 b6 $5 (13... Nxd4 $6 14. Nxd4 Qxd4 (14...
Bxd4 15. Nb5 Nc6 16. Bc3 e5 17. Bxc6 bxc6 18. Nxd4 exd4 19. Rxd4 $14 {/+/-})
15. Nb5 Qxb2 (15... Qc5 $2 16. Rc1 Qe7 17. Bxh7+ $18) 16. Rb1 Qxa2 17. Rxb4 Rd8
18. Rd1 $14) (13... Bxd4 $2 14. Nb5 e5 15. Bxb4 Nxb4 16. Nxe5 $18) 14. Bb1 (14.
a3 Ba6 15. Qe3 Nd5 (15... Bxf1 16. axb4 Bxg2 17. Kxg2 Rc8 $13) 16. Bxd5 exd5
17. Rfe1 $11) 14... Ba6 15. Qe4 g6 16. Rfe1 Ne7 17. Bh6 Re8 (17... Bg7 $2 18.
Bg5 $1 Qd6 (18... Re8 19. d5 $18) 19. Bxe7 Qxe7 20. d5 $18) 18. Ne5 Nf5 19. Bc1
Nd6 20. Qf4 Rc8 21. Ng4 Bg7 22. Nh6+ Kf8 (22... Kh8 $4 23. Qxd6 $18) 23. Qg3 (
23. Ne4 $2 Nf5 $1 24. Nxf5 exf5 $15 (24... gxf5 $2 25. Nd6 $16)) 23... Nd5 24.
Nxd5 exd5 25. Rxe8+ Kxe8 (25... Nxe8 $4 26. Qa3+ $18) 26. Re1+ Kf8 27. Bf4 (27.
Qa3 $2 Rxc1 28. Rxc1 Bxh6 29. Rc6 Bf4 30. Rxd6 (30. Qxa6 $2 Qe8 $19) 30... Bxd6
31. Qxa6 Qc7 $17) 27... Rc6 28. h4 $5 (28. Qf3 Qd7 29. Qxd5 Bc4 $11) 28... Bb7
({Nach} 28... Bxd4 $6 {ist} 29. Qf3 {sehr unangenehm, z.B.} Nb7 30. Be5 Rf6 31.
Qa3+ Bc5 32. Bxf6 Qxf6 33. Ng4 $16) 29. Qf3 Qf6 (29... Qxh4 $4 30. Bxd6+ Rxd6
31. Qxf7#) 30. Qe3 {Neben dieser Verdoppelung auf der e-Linie hatte Judit
Polgar noch eine ganze Reihe interessanter Möglichkeiten, ihren Angriff weiter
auszubauen:} (30. Bc2 Bc8 (30... Ne4 $2 31. Bxe4 Qe7 32. Bg5 Bf6 (32... f6 33.
Bd2 Re6 34. Qg3 $18) 33. Bxd5 Qxe1+ 34. Kh2 Qe7 35. Bxc6 Bxg5 36. hxg5 Qc7+ 37.
g3 Bxc6 38. d5 $18) 31. Ba4 b5 32. Bb3 Be6 33. Ng4 Bxg4 34. Qxg4 Qf5 35. Qf3
$14 {/+/-}) (30. Bf5 gxf5 (30... Bxh6 $2 31. Bxh6+ Kg8 32. Qg3 $1 Qd8 (32...
Qxf5 33. Qxd6 Rc8 34. Re5 $18) 33. Bd7 Ne4 (33... Qxd7 34. Qe5 f5 35. Qf6 Rc8
36. Re7 $18) 34. Qe5 Rf6 35. f3 Nd6 36. Bg5 $18) (30... Nxf5 $6 31. Nxf5 Re6
32. Rxe6 Qxe6 33. Qa3+ Kg8 34. Nxg7 Kxg7 35. Qxa7 $14 {/+/-}) 31. Bg5 Qxh6 (
31... Qg6 $2 32. Be7+ Ke8 33. Bxd6+ Kd7 34. Nxf5 $18) 32. Bxh6 Bxh6 33. Qxd5
$13) (30. g4 Rc7 (30... Ne4 31. Qa3+ Qe7 32. Qxe7+ Kxe7 33. f3 Bxd4+ 34. Kg2
$16) 31. g5 Qd8 32. Qa3 Rc6 33. Bd3 $36) 30... Qd8 $6 (30... Qe6 $5 31. Qxe6
fxe6 32. Rxe6 Nb5 $11) 31. Qa3 (31. Bg5 $5 Bf6 (31... Bxh6 $2 32. Bxh6+ Kg8 33.
Qe5 f6 34. Qxd5+ Kh8 35. Qe6 $18) 32. Qf4 $36) 31... Bxd4 32. Qf3 Rc7 (32...
Qf6 33. Ng4 Qxh4 34. g3 Qd8 (34... Qh5 $2 35. Bh6+ Kg8 36. Qf4 $1 Ne4 37. Bxe4
dxe4 38. Rd1 $18) 35. Qxd5 Bxb2 36. Rd1 $36) 33. h5 Ne4 $5 (33... Bc5 $2 34.
hxg6 hxg6 35. Bxg6 Re7 36. Be5 $18) 34. Ng4 (34. Bxc7 Qxc7 35. Bxe4 dxe4 36.
Qa3+ (36. Qxf7+ $4 Qxf7 37. Nxf7 Kxf7 38. Rd1 e3 $1 $19) 36... Kg7 37. Ng4 gxh5
$44) 34... Rd7 35. hxg6 hxg6 36. Be5 Bc5 $2 (36... Bxe5 $142 37. Nxe5 Rc7 38.
Nxg6+ Kg8 39. Nf4 Qg5 $14) 37. Qh3 $1 $18 Qg5 $2 38. Qh8+ Ke7 39. Bf6+ Qxf6 40.
Qxf6+ 1-0

[Event "FIDE-Wch k.o."]
[Site "Las Vegas"]
[Date "1999.08.12"]
[Round "5.1"]
[White "Khalifman, Alexander"]
[Black "Polgar, Judit"]
[Result "1-0"]
[WhiteElo "2628"]
[BlackElo "2671"]
[Annotator "Ribli"]
[PlyCount "87"]
[EventDate "1999.07.31"]
[EventType "k.o."]
[EventRounds "7"]
[EventCountry "USA"]
[Source "ChessBase"]
[SourceDate "1999.10.01"]

1. Nf3 Nf6 2. c4 e6 3. d4 d5 4. Nc3 dxc4 {Diese Fortsetzung wurde viele Jahre
kaum gespielt, ist aber heutzuitage wieder sehr beliebt. Ribli.} 5. e4 Bb4 6.
Bg5 c5 {Das ist die Grundstellung in der sogenannten Wiener Variante. In
folgenden sehen wir scharfes taktisches Spiel, in dem Weiß die Initiative
besitzt, aber Schwarz auch Gegenchancen hat.} 7. Bxc4 {Die Alternative 8.e5
ist weniger gespielt.Ribli.} cxd4 8. Nxd4 Bxc3+ (8... Qa5) 9. bxc3 Qa5 10. Bb5+
Bd7 11. Bxf6 gxf6 12. Qb3 {Beide Spieler haben Probleme mit der Bauernstruktur.
Weiss hat Entwicklungsvorsprung und, typisch für diese Variante, der schwarze
König steht etwas unsicher.} a6 {Diese Fortsetzung bietet Schwarz mehr
Gegenchancen als die alte Alternative 12...0-0.} 13. Be2 Nc6 14. O-O Qc7 15.
Rab1 (15. Qa3) (15. Rad1) 15... Na5 16. Qa3 Rc8 17. c4 {Weiss verteidigt
natürlich nicht den c-Bauern.} (17. Rfd1 Qc5 (17... Qxc3 $6 18. Qd6 Qc7 19. Nf5
exf5 20. Qxf6 Rg8 (20... O-O $2 21. Rd3 f4 22. Rd5 h6 23. Qxh6 f5 24. Rb6 $1
Bc6 25. Rxa5 Qh7 26. Qxf4 {1-0 Kasparov,G-Hjartarson,J/Tilburg 1989/Inf 48/
[Kasparov,G] (26)} (26. Qxf4 Bxe4 27. Qg5+ Qg7 28. Rg6 $18)) 21. exf5 $1 (21.
Bh5 Bc6 22. Rd4 Bxe4 23. Rbd1 Nc6 24. Qe6+ Kf8 25. Qh6+ Ke7 26. Rd7+ Qxd7 27.
Rxd7+ Kxd7 28. f3 Bd5 29. Qd2 Ne7 30. Bxf7 Rg6 31. Bxg6 hxg6 {0-1 Shulman,
Y-Yakovich,Y/New York 1998/EXT 99 (59)}) 21... Qf4 22. Bf1 $1 Qxf5 23. Re1+ Kf8
24. Qd6+ Kg7 25. Bd3 $1 Rc6 26. Qd4+ Qf6 27. Qxd7 $16) 18. Qc1 Qg5 19. Qb2 Rg8
20. Bf1 Qc5 21. Qd2 Ba4 22. Nb3 Nxb3 23. axb3 $14 {1/2-1/2 Nickoloff,B-Taylor,
G/CAN-ch 1995/EXT 95ch/[Ribli] (23)}) 17... Qc5 {Schwarz möchte die Damen
tauschen. Die Annahme des Bauernopfers wäre für ihn mehr als gefährlich.} (
17... Nxc4 18. Bxc4 Qxc4 19. Rfd1 Qc3 20. Qxc3 $6 (20. Nb3 $40) 20... Rxc3 21.
Rxb7 Bc8 22. Ra7 O-O 23. Ne2 $36 {1/2-1/2 Eingorn,V-Yudasin,L/USSR (ch) 1988/
Inf 46/[Eingorn,V] (30) >>}) (17... Nc6) 18. Qc3 {Natuerlich muss Weiss die
Damen auf dem Brett behalten.} (18. Qb2) (18. Qxc5 $6 Rxc5 $15 19. Nb3 Nxb3 20.
axb3 $11) 18... e5 (18... Rg8 19. Rfd1 (19. Nb3 Qg5 20. g3 Nxb3 21. axb3 Bc6
$11) 19... e5 20. Nb3 Nxb3 21. axb3 a5) 19. Nb3 {Auf diese Weise kann Weiss
seine Bauernstellung am Damenflügel begradigen.} Nxb3 20. axb3 a5 $11 {Schwarz
hat Doppelbauern in der f -Linie, aber er kontrolliert die schwarzen Felder
und sein König findet Ruihe auf e7.} 21. Rfd1 Be6 22. h3 $5 {Nicht nur eine
gewöhnliche Befreiung der Grundreihe, sondern auch ein Vorbereitungszug für
Bg4.} O-O $6 {Nach diesem schablonenhaften Zug erlangt Weiss die Initiative am
Königsflügel.} (22... Ke7 $11 {[%cal Gh8d8] meines Erachtens steht der König
gut auf e7 und im folgenden kann Schwarz 23...Rhd8 spielen. 23.b4 cxb4 24.Qxb4
Qxb4 25.Rxb4 Rc7 ist nicht gefährlich.}) 23. Qg3+ Kh8 24. Qh4 $14 Qe7 (24...
Kg7 25. Rd3 $16) 25. Bg4 Rg8 (25... Rcd8 26. Rd5 $1 Rg8 (26... Bxd5 $2 27. Bf5
$18 {[%csl Rh8][%cal Rh4h7]}) 27. Rxe5 $16) 26. Rd3 Rg5 (26... Bxg4 27. hxg4
Qe6 28. f3 Rgd8 29. Rd5 Rxd5 30. cxd5 Qd6 31. Qh6 $14) (26... Rcd8 27. Rbd1
Rxd3 28. Rxd3 Rd8 29. Rd5 $1 {Das ist ein Schlüsselmotiv in dieser Partie.})
27. Bxe6 Qxe6 $6 {Die Alternative wäre vielleicht etwas besser als die
Partiefortsetzung, aber Weiss hat immer noch die Initiative.} (27... fxe6 28.
Rbd1 Rc7 $14) 28. Rbd1 Rcg8 $6 (28... Qb6) 29. Rd6 Qc8 (29... Rxg2+ 30. Kf1 {
Schwarz kann 30...Rg1 spielen, aber das ändert nichts.} (30. Kh1 $4 Qxd6 31.
Rxd6 Rg1+ 32. Kh2 R8g2#) 30... Qe7 31. Rd7 Qf8 (31... Qe6 32. R1d6 $18) 32.
Qxf6+ Qg7 33. Qxg7+ R2xg7 34. Rxb7 $16 {Weiss hat sehr gute Gewinnchancen.})
30. g3 Kg7 31. R1d5 $16 {[%csl Gd5,Gd6,Rf6,Rg7] Die Herrschafft über die
d-Linie bietet Weiss nachhaltigen Vorteil.} h6 $2 {Schwarz verteidigt den Turm
auf g5, aber das hilft nicht. Auch die Alternativen sind für ihn nicht mehr
ausreichend.} (31... Rg6 32. Rxa5 Rh6 33. Qg4+ Qxg4 34. hxg4 Rg6 35. f3 h5 36.
gxh5 Rxg3+ 37. Kf2 Rh3 38. Rb5 $16) (31... Qc7 32. Rd7 Qc6 33. f4 exf4 (33...
Rxg3+ $2 34. Qxg3+ Kh8 {[%cal Rg8g1]} 35. Rd8 $18 {[%cal Rd8h8]}) 34. Rxg5+
fxg5 35. Qxg5+ Qg6 (35... Kh8 36. Qe5+ f6 37. Qe7 Rxg3+ 38. Kh2 $18) 36. Qxf4
$16) {[#]} 32. Rxe5 $1 {[%csl Rg7] Ein schöner Zug, der einen Bauern gewinnt.}
Rd8 (32... a4 33. Red5 axb3 34. e5 $18 {[%csl Rg7]}) (32... Rxe5 33. Qxf6+ $18)
(32... fxe5 33. Qxh6#) 33. Red5 Rxd6 34. Rxd6 Rg6 35. Qf4 $1 {Weiss hat einen
gesunden Mehrbauer, während der schwarze König und Turm schlecht stehen
schlecht.} a4 (35... Qxh3 36. e5 f5 (36... fxe5 37. Qxe5+ Kh7 38. Rxg6 Kxg6 39.
Qxa5 $16) 37. Rxg6+ Kxg6 (37... fxg6 38. e6 Kf6 39. Qd6 $18) 38. Qf3 $16 {
[%csl Rh3][%cal Rf3b7]}) 36. bxa4 Qxc4 37. Rd8 {[%csl Rg7] Weiss spielt auf
Matt.} Qc3 (37... Qxa4 38. Qb8 Qa1+ 39. Kh2 f5 {Schwarz möchte sich über die
Diagonale a1-h8 verteidigen.} 40. e5 $18 {[%csl Rg7]}) 38. Kg2 Qb4 39. Ra8 $1 {
[%cal Rf4b8,Ra8h8] Deer Turm räumt das Feld b8 für die Dame.} h5 (39... Kh7 40.
Qb8 $18) 40. Qb8 $1 $18 {Der e-Bauer zählt nicht. Weiss entscheidet die Partei
im direkten Angriff.} Qxe4+ 41. Kh2 Rg5 42. Qh8+ Kg6 43. Rg8+ (43. Qg8+ Kh6 (
43... Kf5 44. Ra5+ Ke6 45. Qe8+ $18 {[%cal Re8e4]}) 44. Qxf7 $18 {[%csl Rh6]
[%cal Ra8h8,Rh8h6]}) 43... Kf5 44. Qh7+ {Schwarz muss aufgeben, denn er
verliert mindestens zwei Bauern. Seine Lage ist hoffnungslos.} (44. Qh7+ Rg6
45. Qxh5+ Rg5 46. Rxg5+ fxg5 47. Qxf7+ Ke5 48. Qe7+ $18) 1-0

[Event "FIDE-Wch k.o. g/25+10"]
[Site "Las Vegas"]
[Date "1999.08.11"]
[Round "4.3"]
[White "Zvjaginsev, Vadim"]
[Black "Polgar, Judit"]
[Result "0-1"]
[WhiteElo "2652"]
[BlackElo "2671"]
[Annotator "Huzman"]
[PlyCount "82"]
[EventDate "1999.07.31"]
[EventType "k.o. (rapid)"]
[EventRounds "6"]
[EventCountry "USA"]
[Source "ChessBase"]
[SourceDate "1999.10.01"]

1. d4 Nf6 2. c4 g6 3. Nc3 Bg7 4. e4 d6 5. Be2 O-O 6. Nf3 e5 7. d5 a5 8. Bg5 Na6
9. O-O Qe8 10. Nd2 Bd7 11. Rb1 h6 (11... h5 12. Re1 Nh7 13. Be3 Bf6 14. Bh6 Bg7
15. Be3 Bf6 16. a3 Bg5 17. Bxg5 Nxg5 18. b4 axb4 19. axb4 Qe7 20. Qc1 $14 {1-0
Babula,V-Reschke,S/BL 1998 (41)}) 12. Be3 Nh7 (12... Qc8 13. f3 Nh5 14. g3 f5
15. f4 exf4 16. gxf4 fxe4 17. Ndxe4 Bf5 18. Bxh5 gxh5 19. Bd4 Qe8 20. Bxg7 Qg6+
21. Kf2 Kxg7 22. Rg1 Bg4 23. Qd4+ Kh7 24. Ng3 Nc5 25. h3 Rxf4+ {0-1 Ladanyi,
T-Farago,S/Budapest 1997/EXP 59 (25)}) 13. b3 f5 14. f3 (14. exf5 gxf5 15. f3
Qg6 16. Bd3 e4 $17 {0-1 Klimenko,S-Uchitel,S/St.Petersburg 1996/EXP 56 (50)})
14... Nf6 15. a3 Nc5 16. b4 axb4 17. axb4 Na4 $11 18. Nxa4 (18. Qc2 $5 Nxc3 (
18... f4 19. Bf2 g5 20. Nb5 {[%csl Ra4]}) 19. Qxc3 f4 (19... Nh5 $5 20. Rfe1
Nf4 21. Bf1 g5 $132) 20. Bf2 g5 $132) 18... Rxa4 19. c5 Bb5 $1 20. Re1 (20. Bc4
$1 fxe4 (20... Ra3 21. Qe2) (20... Bxc4 21. Nxc4 fxe4 22. cxd6 b5 (22... exf3
23. dxc7 fxg2 24. Re1 $16)) 21. fxe4 Bxc4 22. Nxc4 Nxe4 23. Qd3 Nf6 24. cxd6
cxd6 (24... b5 25. Nb2 Rxb4 26. dxc7 $16) (24... e4 25. Qd2 cxd6 26. Bxh6 $13)
25. Nxd6 Qd7 26. Ne4 $14) 20... Ra3 21. Bxb5 Qxb5 22. Qe2 Qxe2 $1 23. Rxe2 fxe4
24. fxe4 Ng4 25. Rbe1 (25. Nb3 Nxe3 26. Rxe3 Ra2 $36) (25. Bf2 Ra2 (25... Nxf2
26. Rxf2 Rxf2 27. Kxf2 Ra2 28. Ke3 Bf8 29. Kd3 $11) 26. Bg3 h5 27. h3 Nf6 $36)
25... Ra4 $1 26. cxd6 (26. Rb1 Ra2 $17) 26... cxd6 27. Bb6 (27. b5 Nxe3 28.
Rxe3 Rc8 $17) 27... Rc8 $1 $17 {White`s activity on Queen`s flank backfired
and Judit got control of a and c lines.} 28. Ba5 (28. Rb1 Rc2 $17) 28... h5 29.
Rf1 (29. Nf3 Bh6 30. h3 Nf6 $17) 29... Bh6 (29... Rc2 $5) 30. h3 Ne3 31. Rfe1 (
31. Rf6 Ra1+ 32. Kh2 Rc2 33. Rxg6+ Kh7 34. Rxh6+ (34. Rxd6 Nc4 $17 {-+}) 34...
Kxh6 35. Rxe3 Rxd2 $17 {-+}) 31... Nc2 32. Rc1 Kg7 33. Kh1 h4 $1 34. Rf1 Bf4 (
34... Be3 $1 35. Bd8 (35. Rc1 $19 Nd4 $1 $19) 35... Rxd8 36. Nc4 Nd4 37. Rxe3
Rxb4) 35. Nf3 g5 36. Bd8 (36. Rb1 Nd4 $19) 36... Nd4 $1 37. Nxd4 exd4 $19 38.
Bb6 Rxb4 39. Ba5 d3 $1 40. Bxb4 dxe2 41. Re1 Rc4 0-1

[Event "FIDE-Wch k.o. g/25+10"]
[Site "Las Vegas"]
[Date "1999.08.11"]
[Round "4.4"]
[White "Polgar, Judit"]
[Black "Zvjaginsev, Vadim"]
[Result "1-0"]
[WhiteElo "2671"]
[BlackElo "2652"]
[Annotator "Ftacnik,L"]
[PlyCount "87"]
[EventDate "1999.07.31"]
[EventType "k.o. (rapid)"]
[EventRounds "6"]
[EventCountry "USA"]
[Source "ChessBase"]
[SourceDate "1999.10.01"]

1. e4 c5 2. Nf3 e6 3. d4 cxd4 4. Nxd4 Nc6 5. Nc3 d6 6. Be2 Nf6 7. O-O Be7 8.
Be3 O-O 9. f4 Bd7 10. Qe1 Nxd4 11. Bxd4 Bc6 12. Qg3 g6 13. Bd3 {The lines with
early Qe1-g3 manouver are coming back, black must refresh some dfensive ideas.}
Nd7 14. Kh1 Bh4 (14... e5 15. fxe5 (15. Be3 exf4 16. Bxf4 Bh4 17. Qh3) 15...
Bh4 16. Qh3 (16. Qf4 Bg5 17. Qf2 dxe5 18. Bxa7 $2 b6 $17) 16... dxe5 17. Be3
$14) 15. Qh3 e5 16. Be3 (16. fxe5 dxe5 17. Be3 $14) 16... exf4 17. Bxf4 Ne5 (
17... Be7 18. Rad1 $14) 18. Bxe5 dxe5 19. Rad1 Bg5 20. Bc4 Qc8 $6 (20... Qc7
21. Bb3 Rad8 22. Nd5 Bxd5 23. exd5 $14) 21. Rxf7 $1 {The charms of Sicilian
defense! Black must always be prepared to be assaulted in an unexpected way.
Fortunatelly for him the matter is not so serious here.} Qxh3 (21... Rxf7 22.
Bxf7+ Kg7 (22... Kxf7 23. Qxh7+ Ke6 24. Qxg6+ Bf6 25. Nd5 Bxd5 26. exd5+ Ke7
27. Rf1 Qh8 28. d6+ Ke6 29. Qf5+ Kf7 30. g4 $18) 23. Be6 $16) 22. Rxf8+ Kxf8
23. gxh3 Rb8 (23... Rd8 24. Bd5 $14) 24. Kg2 (24. a4 a6 25. Bd5 Be8 $14) 24...
b5 25. Bd5 Be8 26. Rf1+ Kg7 27. a3 a5 28. Ne2 Rb6 {Black has managed to prove,
that white's main claim to advantage - a spare double pawn on h file- is not
so critical.} (28... Rc8 29. c3 a4 30. Nc1 $1) 29. Nc1 $1 Bf4 30. Nd3 g5 31. h4
(31. b4 axb4 32. axb4 Ra6 33. h4 Rh6 34. hxg5 Rxh2+ 35. Kg1 Rxc2 36. Nxf4 exf4
37. Rxf4 Rd2 $14) 31... Rh6 $1 32. hxg5 (32. Nxf4 gxf4 33. b4 axb4 34. axb4
Rxh4 35. c4 bxc4 36. Rc1 $11) 32... Rxh2+ 33. Kg1 Rxc2 34. Nxf4 exf4 35. Rxf4
Rxb2 36. Rf6 Rb1+ (36... b4 $1 37. Ra6 (37. axb4 axb4 38. Rb6 Ba4 39. Rb8 Kg6
40. Rg8+ Kh5 41. e5 Kg4 $17) 37... bxa3 38. Rxa5 Kg6 39. Rxa3 Kxg5 $11) 37. Kf2
Ra1 $2 {A bit reckless move in an equal position, black misses the mating idea.
} (37... b4 $11) 38. Ra6 Rxa3 (38... Rc1 39. Ra8 Kf8 40. Rxa5 $16) 39. Ra8 $1
Kg6 (39... Bf7 40. Ra7 $18) (39... Bg6 40. Rg8#) 40. Rxe8 Kxg5 41. e5 b4 42. e6
Rd3 43. Rg8+ Kf6 44. Rf8+ (44. Rf8+ Ke7 45. Rf7+ Kd6 (45... Kd8 46. Bc6 $18)
46. Rd7+ Ke5 47. e7 $18) 1-0